Chodéra, R.: Meta-Didaktik der Fremdsprachen

Bibliographic Details
Main Author: Baláž, Ondrej, 1922-2016 (Author)
Format: Article
Language:Slovak
ISSN:1335-1982
Subjects:

MARC

LEADER 00000nab a2200000 a 4500
001 vtls000723636
003 SK-MaSNL
005 20260304142855.0
008 250505c2000 xo 0 slo
015 |a SNBRB2000/06-14981 
035 |a CLN000075801 
035 |a urn:nbn:sk:snk-ab7jzy 
035 |a (urnnbn)urn:nbn:sk:snk:ar-005za9 
035 |a (uuid)d5dde141-b402-429a-bbe5-35aa600cf632 
040 |a SNKBUCL  |b slo  |c SNKBUCL  |e AACR2 
041 0 |a slo 
044 |a xo  |c SK 
080 |a 37.02:372.880(048)  |2 1997 
100 1 |a Baláž, Ondrej,  |d 1922-2016  |4 aut  |9 196096 
245 1 0 |a Chodéra, R.: Meta-Didaktik der Fremdsprachen  |c O. Baláž 
650 0 7 |a didaktika  |2 SNKPH  |9 3484 
650 0 7 |a lingvodidaktika  |2 SNKPH  |9 68221 
650 0 7 |a cudzie jazyky  |2 SNKPH  |9 69722 
655 7 |a články z novín a časopisov  |2 SNK  |9 267496 
655 7 |a recenzie  |2 SNKPH  |9 21907 
773 0 |t Pedagogická revue  |g Roč. 52, č. 2 (2000), s. 199-200  |x 1335-1982 
787 0 8 |i Rec.:  |a Chodéra, R.  |t Meta-Didaktik der Fremdsprachen  |d Praha : Marta-Verlag, 1997 
850 |a Slovenská národná knižnica 
852 |a Slovenská národná knižnica 
954 |a odborná, vedecká literatúra pôvodná (slovenská)  |2 lita 
958 |a article7 
958 |a SK 
958 |a CZ 
958 |a OND 
958 |a EUIPO 
992 |a RBX 
999 |c 2923489  |d 2925419